[Event "AUTO-OPEN-2481"]
[Site "http://www.queenalice.com/game.php?id=986705"]
[Date "2011.9.18"]
[Round "1"]
[White "NickThorp"]
[Black "klaudio"]
[Result "1-0"]
[WhiteElo "1749"]
[BlackElo "1100"]

1. e4 e5 2. Nf3 Nc6 3. Bb5 Bc5 4. O-O d6 5. Bxc6+ bxc6 6. d3 Nf6 7. Bg5 h6 8.
Bh4 O-O 9. Nc3 Be6 10. h3 Re8 11. a3 Bd4 12. Qd2 Rb8 13. Rab1 a5 14. a4 g5 15.
Bg3 d5 16. Bxe5 Ba7 17. b3 dxe4 18. Bxf6 Qxf6 19. Nxe4 Bf5 20. Nxf6+ 1-0

[Event "AUTO-OPEN-2481"]
[Site "http://www.queenalice.com/game.php?id=986706"]
[Date "2011.9.18"]
[Round "1"]
[White "klaudio"]
[Black "NickThorp"]
[Result "1-0"]
[WhiteElo "1100"]
[BlackElo "1749"]

1. e4 e5 2. f4 exf4 3. Nf3 g5 4. Bc4 g4 5. d4 gxf3 6. Bxf7+ Kxf7 7. Bxf4 Qh4+ 8.
g3 f2+ 9. Kxf2 Qf6 10. Rf1 Bd6 11. Kg1 Ke8 12. e5 Qg6 13. exd6 cxd6 14. Nc3 Ne7
15. Nb5 Kd8 16. Bxd6 Nbc6 17. Bc7+ Ke8 18. Nd6+ 1-0

[Event "AUTO-OPEN-2481"]
[Site "http://www.queenalice.com/game.php?id=986725"]
[Date "2011.9.18"]
[Round "1"]
[White "jaircafe"]
[Black "klaudio"]
[Result "1-0"]
[WhiteElo "1460"]
[BlackElo "1100"]

1. e4 e5 2. Bc4 f5 3. Qh5+ g6 4. Qf3 Nf6 5. exf5 d5 6. Bb5+ c6 7. Bf1 Bxf5 8.
Qe3 Bd6 9. Bd3 e4 10. Bf1 O-O 11. h3 c5 12. b3 d4 13. Qg5 Kg7 14. d3 Qe8 15. Be2
exd3 16. Qh6+ Kg8 17. cxd3 Bxd3 18. Bf4 Bxf4 19. Qxf4 Ne4 20. Qc7 Na6 21. Qxb7
Nxf2 22. Rh2 Bxe2 23. Nxe2 Nd3+ 24. Kd1 Rf1+ 25. Kd2 Qe3+ 26. Kc2 Qxe2+ 27. Nd2
Nab4+ 28. Qxb4 1-0

[Event "AUTO-OPEN-2481"]
[Site "http://www.queenalice.com/game.php?id=986726"]
[Date "2011.9.18"]
[Round "1"]
[White "klaudio"]
[Black "jaircafe"]
[Result "0-1"]
[WhiteElo "1096"]
[BlackElo "1462"]

1. e4 e5 2. f4 Nc6 3. Nf3 exf4 4. Bc4 d6 5. d4 g5 6. O-O Bg4 7. c3 Qe7 8. Nbd2
Nf6 9. Qb3 O-O-O 10. Nxg5 Na5 11. Qa4 Nxc4 12. Qxc4 d5 13. Qb4 Qe8 14. Qa5 Kb8
15. e5 h6 16. Rxf4 Rg8 17. Nxf7 Nh5 18. Rxg4 Rxg4 19. Nxd8 Qxd8 20. Nb3 Nf4 21.
Bxf4 Rxf4 22. Qb5 a6 23. Qd3 Re4 24. Rf1 Qh4 25. Rxf8+ Ka7 26. Nc5 Re1+ 27. Rf1
Rxf1+ 0-1

[Event "AUTO-OPEN-2481"]
[Site "http://www.queenalice.com/game.php?id=986737"]
[Date "2011.9.18"]
[Round "1"]
[White "klaudio"]
[Black "ammoreira"]
[Result "0-1"]
[WhiteElo "1092"]
[BlackElo "2019"]

1. e4 c6 2. d4 d5 3. Nf3 dxe4 4. Ng5 Bf5 5. Nc3 Nf6 6. Bc4 Bg6 7. h4 h6 8. Nh3
e6 9. Nf4 Bf5 10. Be2 Bd6 11. g4 Bxf4 12. Bxf4 Bg6 13. Qd2 Nd5 14. Nxd5 exd5 15.
O-O-O Nd7 16. h5 Bh7 17. g5 hxg5 18. h6 gxh6 19. Bg3 Qf6 20. Qb4 b6 21. c4 Qe6
22. cxd5 cxd5 23. Ba6 e3 24. Rhe1 Qc6+ 25. Qc3 Qxc3+ 26. bxc3 O-O 27. Rxe3 Rae8
28. Rde1 Nf6 29. Bb5 Rxe3 30. Rxe3 Ne4 31. Bc6 Nxg3 32. Rxg3 Rd8 33. Re3 Bf5 34.
Re7 a5 35. Re5 Be6 36. Bb5 Kg7 37. Kd2 Kg6 38. Bd3+ Kh5 39. Re1 g4 40. Re5+ Kh4
41. Bf5 Rd6 42. a4 Bxf5 43. Rxf5 f6 44. Ke3 Kh3 45. Kf4 Rc6 46. Rxd5 Rxc3 47.
Rh5+ Kg2 48. d5 Kxf2 49. Kxg4 Rd3 0-1

[Event "AUTO-OPEN-2481"]
[Site "http://www.queenalice.com/game.php?id=986738"]
[Date "2011.9.18"]
[Round "1"]
[White "ammoreira"]
[Black "klaudio"]
[Result "1-0"]
[WhiteElo "1830"]
[BlackElo "1100"]

1. e4 e5 2. Nf3 Nc6 3. Bb5 Bc5 4. O-O Nf6 5. d3 d6 6. c3 Ng4 7. d4 exd4 8. cxd4
Bb6 9. d5 a6 10. Ba4 Bxf2+ 11. Rxf2 Nxf2 12. Kxf2 b5 13. dxc6 bxa4 14. Qxa4 O-O
15. Bg5 f6 16. Bh4 g5 17. Bg3 Rb8 18. Qc4+ Kg7 19. b3 g4 20. Nd4 f5 21. exf5
Bxf5 22. Kg1 Qg5 23. Qc3 Kg8 24. Nxf5 Rxf5 25. Nd2 Rc5 26. Qd3 Rd5 27. Bf4 Qe5
28. Bxe5 Rxd3 29. Bf4 Rb4 30. Bh6 Rbd4 31. Rf1 Rf3 32. Nxf3 1-0

[Event "AUTO-OPEN-2482"]
[Site "http://www.queenalice.com/game.php?id=987075"]
[Date "2011.9.19"]
[Round "1"]
[White "mowliid12"]
[Black "klaudio"]
[Result "1-0"]
[WhiteElo "1551"]
[BlackElo "1092"]

1. d4 g5 2. Bxg5 Bg7 3. e3 c5 4. c3 Qb6 5. b3 cxd4 6. exd4 h6 7. Be3 Nf6 8. Nf3
d5 9. Ne5 Nc6 10. Nxc6 bxc6 11. h3 Bf5 12. Nd2 Qa5 13. b4 1-0

[Event "AUTO-OPEN-2482"]
[Site "http://www.queenalice.com/game.php?id=987076"]
[Date "2011.9.19"]
[Round "1"]
[White "klaudio"]
[Black "mowliid12"]
[Result "0-1"]
[WhiteElo "1092"]
[BlackElo "1553"]

1. e4 c5 2. Nf3 d6 3. Nc3 a6 4. d4 cxd4 5. Nxd4 Nf6 6. f3 e6 7. Bc4 b5 8. Bd3
Bb7 9. Bg5 Be7 10. O-O O-O 11. Qe2 Nbd7 12. Kh1 Rc8 0-1

[Event "AUTO-OPEN-2482"]
[Site "http://www.queenalice.com/game.php?id=987103"]
[Date "2011.9.19"]
[Round "1"]
[White "klaudio"]
[Black "R0ni"]
[Result "0-1"]
[WhiteElo "1100"]
[BlackElo "2435"]

1. e4 c5 2. Nf3 e6 3. d4 cxd4 4. Nxd4 Nc6 5. Nc3 a6 6. Bc4 Nxd4 7. Qxd4 b5 8.
Be2 Bb7 9. Bf4 b4 10. Na4 Rc8 11. O-O Nf6 12. Rfd1 Bxe4 13. Nb6 Rxc2 14. Bxa6
Bc5 15. Nxd7 Bxd4 16. Rxd4 Nxd7 17. Rxe4 Rxb2 18. Rd1 Qb6 19. Re2 Rxe2 20. Bxe2
Ke7 21. h3 Rc8 22. Bd3 Nf6 0-1

[Event "AUTO-OPEN-2483"]
[Site "http://www.queenalice.com/game.php?id=987399"]
[Date "2011.9.20"]
[Round "1"]
[White "mike52"]
[Black "klaudio"]
[Result "1-0"]
[WhiteElo "1519"]
[BlackElo "1082"]

1. e4 e5 2. d3 d5 3. a3 Nc6 4. h3 Nf6 5. Bg5 Be7 6. g4 dxe4 7. Bxf6 Bxf6 8. dxe4
Qxd1+ 9. Kxd1 O-O 10. Nc3 Bg5 11. Nf3 Bf4 12. Nd5 Rd8 13. Bb5 Ne7 14. Ke1 1-0

[Event "AUTO-OPEN-2483"]
[Site "http://www.queenalice.com/game.php?id=987400"]
[Date "2011.9.20"]
[Round "1"]
[White "klaudio"]
[Black "mike52"]
[Result "0-1"]
[WhiteElo "1082"]
[BlackElo "1521"]

1. e4 d5 2. exd5 Qxd5 3. Nc3 Qd8 4. d4 a6 5. Bc4 e6 6. Nf3 b5 7. Be2 Bb4 8. Bf4
Bxc3+ 9. bxc3 h6 10. O-O f6 11. a4 bxa4 12. c4 g5 13. Be3 Bb7 14. Qb1 Bxf3 0-1

[Event "AUTO-OPEN-2485"]
[Site "http://www.queenalice.com/game.php?id=987996"]
[Date "2011.9.21"]
[Round "1"]
[White "Jac"]
[Black "klaudio"]
[Result "1-0"]
[WhiteElo "1682"]
[BlackElo "1092"]

1. e4 e5 2. Nf3 Nc6 3. Bb5 Nf6 4. Bxc6 dxc6 5. d3 Bd6 6. Bg5 Bg4 7. h3 Bh5 8.
Nbd2 O-O 9. Qe2 h6 10. Bh4 a5 11. O-O g5 12. Bg3 g4 13. hxg4 Bxg4 14. Qe3 1-0

[Event "AUTO-OPEN-2485"]
[Site "http://www.queenalice.com/game.php?id=987997"]
[Date "2011.9.21"]
[Round "1"]
[White "klaudio"]
[Black "Jac"]
[Result "0-1"]
[WhiteElo "1092"]
[BlackElo "1684"]

1. e4 e5 2. f4 Nc6 3. Nf3 d6 4. Bc4 exf4 5. d4 Bg4 6. c3 Qe7 7. O-O O-O-O 8.
Bxf4 Qxe4 9. Bg3 Nf6 10. Nbd2 Qg6 11. Bb3 Ne4 12. Bc2 d5 13. Qb1 Qh6 14. Bxe4
Bxf3 15. Bxf3 Qxd2 0-1

[Event "AUTO-OPEN-2485"]
[Site "http://www.queenalice.com/game.php?id=988038"]
[Date "2011.9.21"]
[Round "1"]
[White "santiaguinoazul"]
[Black "klaudio"]
[Result "0-1"]
[WhiteElo "1600"]
[BlackElo "1100"]

1. e4 e5 2. Nf3 Nc6 3. Nc3 Bc5 4. Nd5 Nf6 5. Ng5 Nxd5 6. d4 Bb4+ 7. c3 Nxc3 8.
bxc3 Bxc3+ 9. Bd2 Bxa1 10. Qxa1 Nxd4 11. Qc3 b5 12. Be3 b4 13. Qc4 O-O 14. Bxd4
exd4 15. Qxd4 Qxg5 16. h4 Qc1+ 17. Qd1 Qxd1+ 18. Kxd1 a5 19. g4 Re8 20. f3 Ba6
21. Bg2 c5 22. Kc2 c4 23. f4 Rac8 24. Rd1 c3 25. Rxd7 Red8 26. Ra7 Rd2+ 27. Kc1
Rxg2 28. Rxa6 c2 29. Rxa5 Rg1+ 0-1

[Event "AUTO-OPEN-2485"]
[Site "http://www.queenalice.com/game.php?id=988039"]
[Date "2011.9.21"]
[Round "1"]
[White "klaudio"]
[Black "santiaguinoazul"]
[Result "1-0"]
[WhiteElo "1100"]
[BlackElo "1612"]

1. e4 e5 2. f4 Nc6 3. Bc4 Nf6 4. Nf3 Nxe4 5. Nc3 Nxc3 6. dxc3 exf4 7. Bxf4 Qe7+
8. Kf1 Qe4 9. Bxf7+ Kxf7 10. Ng5+ Ke8 11. Nxe4 Be7 12. Bxc7 Rf8+ 13. Ke1 b6 14.
Qd5 Bb7 15. Kd1 Na5 16. Nd6+ Bxd6 17. Qxd6 Rf6 18. Re1+ Kf7 19. Qxd7+ Kg6 20.
Re7 Rf1+ 21. Kd2 Nc4+ 22. Ke2 Rxa1 23. Rxg7+ Kf6 24. Qf7# 1-0